| 000 | 00399nam a2200157Ia 4500 | ||
|---|---|---|---|
| 999 |
_c2885 _d2885 |
||
| 003 | OSt | ||
| 005 | 20191002154527.0 | ||
| 008 | 190902s9999||||xx |||||||||||||| ||und|| | ||
| 020 | _a978-1841125145 | ||
| 040 | _cmaju | ||
| 100 | _aKen Langdon | ||
| 245 | 4 | _aThe 100 Greatest Ideas For Building The Business of Your Dreams | |
| 260 |
_aLondon _bPrentice Hall _c2000 |
||
| 300 | _a164 | ||
| 942 |
_cBK _2ddc |
||